000
00308nam a22001337a 4500
008
170511b xxu||||| |||| 00| 0 eng d
020
_a
9780132447508
041
_a
eng
080
_2
10TH
_a
343.9
100
_a
15
101
_a
SHJ
245
_a
ESSENTIALS OF CRIMINAL LAW
_c
CHAMELIN, N.C
942
_2
udc
_c
BK
999
_c
13191
_d
13191